000
00306nam a22001337a 4500
008
170307b xxu||||| |||| 00| 0 eng d
020
_a
9780065009682
041
_a
eng
080
_2
7 ED
_a
611
100
_a
6
101
_a
SHM
245
_a
PRINCIPLES OF ANATOMY AND PHYSSIOLOGY
_c
BYRD.L
942
_2
udc
_c
BK
999
_c
6951
_d
6951